| 000 | 01054nam a22002537a 4500 | ||
|---|---|---|---|
| 001 | 81115 | ||
| 003 | BD-RjUL | ||
| 005 | 20230122190412.0 | ||
| 008 | 230122s2014 bg a|||| m||| 00| 0 eng d | ||
| 035 | _a(BD-RjUL)81115 | ||
| 040 |
_aBD-RjUL _beng _cBD-RjUL _dBD-RjUL |
||
| 041 | _aeng | ||
| 082 |
_223 _a363.34929 _bKAC 2014 |
||
| 100 | _aKamruzzaman, Md. | ||
| 245 | 1 | 0 |
_aClimate modeling, drought risk assessment and adaptation strategies in the Western part of Bangladesh / _cMd.Kamruzzaman ; _6Supervisor : Chowdhury, Sarwar Jahan, Co-Supervisor : M. sayedur Rahman, |
| 260 |
_aRajshahi : _bInstitute of Bangladesh Studies, University of Rajshahi, _c2014 |
||
| 300 |
_axix, 245 leaves : _bill, ; _c29.cm. |
||
| 502 | _aThesis (Ph. D.) -- Institute of Bangladesh Studies, University of Rajshahi, 2014 | ||
| 504 | _aBibliography : Leaves 164 - 189 | ||
| 650 |
_aDroughts _vOther social problems and services _96677 |
||
| 700 |
_aJahan, Chowdhury, Sarwar, Supervisor _94542 |
||
| 700 |
_aRahman, M. sayedur, Co-Supervisor _96678 |
||
| 942 |
_2ddc _cTHE |
||
| 999 |
_c81115 _d81115 |
||